Para bellum. № 15: Битва в античности (Запись № 3409055)

Подробности
000 -МАРКЕР
контрольное поле 01103nam2a22002411 4500
001 - ИДЕНТИФИКАТОР ЗАПИСИ
контрольное поле RU\NLR\INFOCOMM55\1000059737
005 - ИДЕНТИФИКАТОР ВЕРСИИ
контрольное поле 20250617121833.0
035 ## - ДРУГИЕ СИСТЕМНЫЕ НОМЕРА
Идентификатор записи (NLR Aleph) 002596952
100 ## - ДАННЫЕ ОБЩЕЙ ОБРАБОТКИ
Данные общей обработки 20040609d2002 |||y0rusy50 ca
101 0# - ЯЗЫК РЕСУРСА
Язык текста, звукозаписи и т.д. русский
102 ## - СТРАНА ПУБЛИКАЦИИ ИЛИ ПРОИЗВОДСТВА
Страна публикации Российская Федерация
200 1# - ЗАГЛАВИЕ И СВЕДЕНИЯ ОБ ОТВЕТСТВЕННОСТИ
Основное заглавие Битва в античности
210 ## - ПУБЛИКАЦИЯ, РАСПРОСТРАНЕНИЕ И ДР.
Дата издания, распространения и т.д. 2002
Место издания, распространения и т.д. Б. м.
300 ## - ОБЩИЕ ПРИМЕЧАНИЯ
Текст примечания Спец. вып.
461 #0 - УРОВЕНЬ НАБОРА
Встроенное поле 001RU\NLR\INFOCOMM55\1000059723
-- 2001#$aPara bellum$eВоен.-ист. обозрение$eНезависимые изд., освещающие соврем. воен.-ист. движение России, ближ. и дал. зарубежья$v№ 15
Системный номер (АБИС) связанной записи 3408991
Место публикации СПб.
Дата публикации 1997 - 2012
Имя издателя, распространителя и т.д. Б. и.
Сведения, относящиеся к заглавию Воен.-ист. обозрение : Независимые изд., освещающие соврем. воен.-ист. движение России, ближ. и дал. зарубежья
Заглавие Para bellum
ISSN 1683-8114
Номер тома № 15
801 #1 - ИСТОЧНИК ЗАПИСИ
Страна Российская Федерация
Организация InfoComm
Дата составления 20040609
801 #0 - ИСТОЧНИК ЗАПИСИ
Страна Российская Федерация
Организация NLR
Правила каталогизации PSBO
852 ## - МЕСТОНАХОЖДЕНИЕ И ШИФР ХРАНЕНИЯ
Идентификатор организации NLR
Шифр хранения (Call Number) П10/7249
942 ## - ДОПОЛНИТЕЛЬНЫЕ ЭЛЕМЕНТЫ ЗАПИСИ (АБИС)
Тип экземпляра АБИС Выпуск
980 ## - КОЛЛЕКЦИЯ
Название коллекции Национальная библиография
980 ## - КОЛЛЕКЦИЯ
Название коллекции Русская периодика

Нет доступных экземпляров.